Statistics for Finish the Lyrics - Yellow Submarine

Click here to take the quiz!

General Stats

  • This quiz has been taken 20 times
  • The average score is 28 of 34

Answer Stats

HintAnswer% Correct
Lived a man who sailed to ___sea
100%
Yellow _________, yellow _________submarine
100%
We all live in a yellow _________submarine
100%
We all live in a yellow _________submarine
100%
Yellow _________, yellow _________submarine
100%
We all live in a yellow _________submarine
100%
Yellow _________, yellow _________submarine
100%
We all live in a yellow _________submarine
100%
In our yellow (In our yellow) _________ (_________, ha-ha!)submarine
100%
Yellow _________, yellow _________submarine
100%
Yellow _________, yellow _________submarine
100%
We all live in a yellow _________submarine
100%
Yellow _________, yellow _________submarine
100%
We all live in a yellow _________submarine
100%
Yellow _________, yellow _________submarine
100%
We all live in a yellow _________submarine
100%
In our yellow _________submarine
100%
And the band begins to ____play
94%
In the town where I was ____born
88%
And he told us of his ____life
88%
Many more of them live next ____door
82%
Sky of blue (Sky of blue) and sea of _____ (Sea of _____)green
82%
Till we found the sea of _____green
82%
Full _____ ahead, Mister Boatswain, full _____ aheadsteam
82%
Full _____ ahead it is, Sergeantsteam
82%
And our _______ are all aboardfriends
76%
And we lived beneath the _____waves
76%
Every one of us (Every one of us) has all we ____ (Has all we ____)need
59%
So we sailed on to the ___sun
59%
___-___, sir, ___-___aye
53%
In the land of __________submarines
53%
As we live a life of ____ (A life of ____)ease
35%
Cut the _____! Drop the _____!cable
24%
_______! _______!captain
24%

Score Distribution

Percentile by Number Answered

Percent of People with Each Score

Your Score History

You have not taken this quiz